The Yellow Feather Mystery (Record no. 8927)

MARC details
000 -LEADER
fixed length control field 00845nam a22002177a 4500
003 - CONTROL NUMBER IDENTIFIER
control field OSt
005 - DATE AND TIME OF LATEST TRANSACTION
control field 20260311052218.0
008 - FIXED-LENGTH DATA ELEMENTS--GENERAL INFORMATION
fixed length control field 260311b |||||||| |||| 00| 0 eng d
020 ## - INTERNATIONAL STANDARD BOOK NUMBER
International Standard Book Number 0448089335
040 ## - CATALOGING SOURCE
Original cataloging agency DWCL GS lib
Transcribing agency OC
082 ## - DEWEY DECIMAL CLASSIFICATION NUMBER
Classification number Fic. D621y 2008
100 ## - MAIN ENTRY--PERSONAL NAME
Personal name Dixon Franklin W.
245 ## - TITLE STATEMENT
Title The Yellow Feather Mystery
Statement of responsibility, etc. Franklin W. Dixon
260 ## - PUBLICATION, DISTRIBUTION, ETC.
Place of publication, distribution, etc. Canada
Name of publisher, distributor, etc. Franklin W. Dixon
Date of publication, distribution, etc. 1953
300 ## - PHYSICAL DESCRIPTION
Extent Extent- vii, 181 pages:
Other physical details illustrations ;
Dimensions 20cm
520 ## - SUMMARY, ETC.
Summary, etc. Frank and Joe Hardy help Greg Woodson locate his grandfather’s missing will to prevent the villainous headmaster, Henry Kurt, from stealing the family boarding school.
650 ## - SUBJECT ADDED ENTRY--TOPICAL TERM
Topical term or geographic name entry element as they try to prove the rightful heir to the Woodson Academy.
650 ## - SUBJECT ADDED ENTRY--TOPICAL TERM
Topical term or geographic name entry element integrity, perseverance, and the dangers of greed.
700 ## - ADDED ENTRY--PERSONAL NAME
Personal name Franklin W. Dixon
942 ## - ADDED ENTRY ELEMENTS (KOHA)
Source of classification or shelving scheme Dewey Decimal Classification
Koha item type Fiction
Suppress in OPAC No

No items available.